|
|
|
|
| LEADER |
00000nab a2200000 a 4500 |
| 001 |
vtls000674507 |
| 003 |
SK-MaSNL |
| 005 |
20260304094219.0 |
| 008 |
250425c1998 xo 0 slo |
| 015 |
|
|
|a SNBRB1998/09-26091
|
| 035 |
|
|
|a CLN000026683
|
| 035 |
|
|
|a urn:nbn:sk:snk-abaics
|
| 035 |
|
|
|a (urnnbn)urn:nbn:sk:snk:ar-008gfn
|
| 035 |
|
|
|a (uuid)0f9d8839-cf88-4388-8d79-0a514da1d958
|
| 040 |
|
|
|a SNKBUCL
|b slo
|c SNKBUCL
|e AACR2
|
| 041 |
0 |
|
|a cze
|
| 044 |
|
|
|a xo
|c SK
|
| 080 |
|
|
|a 616.89
|2 1997
|
| 100 |
1 |
|
|a Libiger, Jan,
|d 1948-
|4 aut
|9 85503
|
| 245 |
1 |
0 |
|a Standardy v psychiatrii
|c Jan Libiger
|
| 650 |
0 |
7 |
|a psychiatria
|x štandardy
|2 snkbucl
|9 1390360
|
| 655 |
|
7 |
|a články z novín a časopisov
|2 snkbucl
|9 267496
|
| 773 |
0 |
|
|t Česká a slovenská psychiatrie
|g Roč. 94, č. 7 (1998), s. 383-384
|x 1212-0383
|
| 850 |
|
|
|a Slovenská národná knižnica
|
| 852 |
|
|
|a Slovenská národná knižnica
|
| 954 |
|
|
|a odborná, vedecká literatúra cudzojazyčná (svetová)
|2 lita
|
| 958 |
|
|
|a article14
|
| 958 |
|
|
|a OND
|
| 958 |
|
|
|a EUIPO
|
| 999 |
|
|
|c 2826113
|d 2828043
|